1213 1135 1021 1645 1255 1515 1020 1082 1346 1423 1571 1229 1924 1868 1282 1071 1043 1723 1449 1627 1836 1056 1819 1108 1123 1336 1888 1859 1364 1223 1538 1141 1501 1646 1231 1653 1415 1925 1848 1398 1565 1665 1298 1263 1249 1309 1782 1368 1315 1232 1287 1615 1594 1935 1572 1413 1066 1588 1601 1027 1339 1637 1788 1403 1018 1650 1520 1007 1804 1557 1275 1512 1047 1706 1952 1498 1070 1411 1139 1963 1450 1464 1878 1084 1413 1056 1611 1029 1669 1306 1469 1911 1939 1398 1136 1236 1974 1557 1171 BCNSPRNW ULIB Ver.6.0+V

เปลี่ยนเป็นภาษาไทย

Change to English
 แสดงรายละเอียดบรรณานุกรม
  กลับหน้าหลัก

Brief Record : Get Marc (ISO 2709) : E-mail record : QR code < ปิดหน้าต่าง
LEADER : 00000nam 2200000uu 4500
001    13399114507
003     ULIB
008    120411s2549||||th 000 0 tha d
020    ^a9749493311
090    ^aนว.^bพ111ฟ 2549
100 0  ^aพิมพ์ภัทร
245 00 ^aแฟนตาซีภูตปริศนา/^cพิมพ์ภัทร
250    ^aพิมพ์ครั้งที่ 1
260    ^aกรุงเทพฯ :^bกู๊ดมอร์นิ่ง,^c2549
300    ^a239 หน้า
710 1  ^aกู๊ดมอร์นิ่ง
945    ^p185^l0^i24561
995    ^aกัณชพร
999 ^a ใช้งานได้ทุกระบบ
รายการนี้ยังไม่มีแท็ก
คุณยังไม่ได้ล็อกอิน คุณสามารถมีกิจกรรมร่วมกับเว็บไซต์ได้ แต่ต้องล็อกอินก่อน ::
  ล็อกอิน

รายการสื่อสารสนเทศ

ลำดับที่ ประเภท เลขเรียก/บาร์โค้ด สถานที่ สถานะ
1. นวนิยาย
นวนิยาย
นว. พ111ฟ 2549  
  Barcode: 24561
ห้องสมุดวิทยาเขตสวรรค์ประชารักษ์
►นวนิยาย
บนชั้น
  ขอยืม

BibComment


ยังไม่เคยถูกคอมเมนท์

คอมเมนท์ทรัพยากรรายการนี้
  คอมเมนท์: แฟนตาซีภูตปริศนา..


 Copyright 2026. Bcnsprnw @Library